| 000 | 00545nam a22001937a 4500 | ||
|---|---|---|---|
| 001 | 5678 | ||
| 003 | BD-RjUL | ||
| 005 | 20211208234116.0 | ||
| 008 | 140106s1961 p ||||| |||| 00| 0 eng d | ||
| 035 | _a(BD-RjUL)5717 | ||
| 040 |
_aBD-RjUL _beng _cBD-RjUL |
||
| 041 | _aeng | ||
| 082 | 0 | 0 |
_bSTA 1961 _222 _a332.1095491 |
| 245 | 0 | 4 |
_aThe State Bank of Pakistan Act, 1956. _cPakistan. |
| 260 |
_aKarachi : _bThe Inter Services Press Ltd., _c1961. |
||
| 300 |
_aiii, 31 p. ; _c24 cm. |
||
| 650 | 0 |
_aBanks and banking _zPakistan. _917838 |
|
| 942 |
_2ddc _cBK |
||
| 999 |
_c5678 _d5678 |
||